Score 0/32 Timer 06:00
1 Play Today
Hint Answer % Correct
American actor BarrymoreDREW
94.2%
TieDRAW
73.1%
Rowan Atkinson's trademark characterBEAN
71.7%
Word that can precede 'torino'GRAN
71.7%
Awful, wicked or nastyMEAN
66%
What's for breakfastBRAN
65.3%
Top-notchBEST
62.6%
Combine butter, eggs and sugarBEAT
61.9%
Typical whiskey orderNEAT
56.4%
The essential part ofMEAT
53.1%
CurrencyCOIN
50.3%
Emulate an eagleNEST
50.3%
Emulate an eagleSOAR
47.2%
American actor BarrymoreJOHN
41.7%
TieJOIN
39.7%
CurrencyDRAM
38%
Hint Answer % Correct
Word that can follow 'land'GRAB
36.4%
Typical whiskey orderSOUR
34.9%
Burrowing garden pestGRUB
33%
Where you might get oil fromDRUM
32.6%
Burrowing garden pestWORM
32.6%
Combine butter, eggs and sugarSTIR
31.6%
Top-notchSTAR
30.4%
Where you might get oil fromCORN
30.1%
Thoroughly beat-upDRUB
27.8%
Thoroughly beat-upWORN
27.3%
What's for breakfastFOOD
23.3%
Word that can follow 'land'FORM
23.2%
The essential part ofSOUL
21.8%
Awful, wicked or nastyFOUL
20.8%
Word that can precede 'torino'FORD
19.4%
Rowan Atkinson's trademark characterFOOL
18.5%

Today's Daily Dose

Remove Ads.
Support Sporcle.
Get the best of Sporcle when you Go Orange. This ad-free experience offers more features, more stats, and more fun while also helping to support Sporcle. Thank you for becoming a member.

You're not logged in!

Compare scores with friends on all Sporcle quizzes.
OR
Log In

Show Comments

Extras

Top Quizzes Today


Score Distribution

Your Account Isn't Verified!

In order to create a playlist on Sporcle, you need to verify the email address you used during registration. Go to your Sporcle Settings to finish the process.

Report this User

Report this user for behavior that violates our Community Guidelines.

Details: